[Event "19th Prague Open-A 2020"]
[Site "Prague"]
[Date "2020.01.17"]
[Round "9.4"]
[White "Vokac, Marek"]
[Black "Kozak, Antoni"]
[Result "0-1"]
[WhiteElo "2334"]
[BlackElo "2380"]
[Annotator "TA"]
[PlyCount "84"]
[EventDate "2020.01.10"]
[EventType "swiss"]
[EventCountry "CZE"]
[SourceTitle "playchess.com"]
[Source "ChessBase"]
[SourceQuality "1"]

{[%evp 22,84,44,49,80,60,66,66,65,77,76,68,96,18,24,9,6,0,3,0,0,0,2,0,0,0,0,-22,-25,-26,0,0,0,-2,-2,-2,-2,-3,0,0,0,0,0,-68,-74,-75,-69,-68,-61,-68,-44,-58,-58,-59,-59,-146,-137,-169,-168,-29980,-29981,-29981,-29982,-29981,-29982]} 1. d4 Nf6 2. c4 e6 3. Nf3 c5 4. d5 exd5 5. cxd5 d6 6. Nc3 g6 7. Nd2 Nbd7 8. e4 Bg7 9. Be2 O-O 10. O-O Re8 11. h3 a6 12. a4 $1 g5 {A77: Modern Benoni: Classical: 9...Re8 10 Nd2: 10...a6 and 10...Nbd7} (12... Rb8 13. a5 b5 14. axb6 Nxb6 15. Bd3 g5 16. f4 gxf4 17. Rxf4 Nbd7 18. Nc4 Ne5 19. Nxe5 Rxe5 20. Rf3 Nd7 {1-0 (43) Hammer,J (2701)-Hou,Y (2667) Fagernes 2016}) 13. Nc4 Nxe4 14. Nxe4 Rxe4 {White is slightly better.} 15. Nxd6 Rd4 16. Qc2 $1 Ne5 {[#]} 17. Nxc8 $146 (17. Qxc5 $16 b6 18. Qa3 (18. Qxd4 Nf3+ 19. Bxf3 Bxd4 $11) (18. Bxg5 $2 Qxg5 19. Qc1 Qd8 $19)) ({Predecessor:} 17. Nf5 Bxf5 18. Qxf5 Rxd5 19. Bxg5 Qxg5 20. Qxg5 {1-0 (55) Damljanovic,B (2583)-Ilic,S (2030) Belgrade 2015}) 17... Rxc8 $11 18. Be3 Rxd5 19. Rad1 h6 20. Qe4 Rxd1 21. Rxd1 Qe7 22. Rd5 c4 23. Bg4 Rd8 24. Bf5 Rxd5 25. Qxd5 Nc6 26. Qxc4 Bxb2 27. Be4 {[#]} Bd4 $1 {[%mdl 512]} 28. Bxc6 (28. Bxd4 Qxe4) 28... Bxe3 29. Bd5 Bc5 {White must now prevent ...Qe1+.} 30. Bxf7+ Kg7 {( -> ...Qe1+)} 31. Be6 Kf6 {And now ...Ba7 would win.} 32. Kf1 (32. Qd5 $1 $11) 32... Bxf2 $1 $15 33. Kxf2 {Bg4 is the strong threat.} Qxe6 {[%mdl 4096] Endgame KQ-KQ} 34. Qd4+ Kg6 35. Kg1 b5 36. Qd3+ Kg7 37. Qd4+ Kf7 38. axb5 ({Better is} 38. a5 $15) 38... axb5 $17 39. Qa7+ Kg6 40. Qb8 $2 {[#]} (40. Qd4 $19) 40... Qe3+ $1 {Black mates.} 41. Kf1 {[#]} Qf4+ $1 42. Qxf4 gxf4 {Accuracy: White = 44%, Black = 70%.} 0-1

[Event "19th Prague Open-A 2020"]
[Site "Prague"]
[Date "2020.01.17"]
[Round "9.5"]
[White "Strebkovs, Andrejs"]
[Black "Cernousek, Lukas"]
[Result "1/2-1/2"]
[WhiteElo "2278"]
[BlackElo "2447"]
[Annotator "TA"]
[PlyCount "100"]
[EventDate "2020.01.10"]
[EventType "swiss"]
[EventCountry "CZE"]
[SourceTitle "playchess.com"]
[Source "ChessBase"]
[SourceQuality "1"]

{[%evp 11,100,11,22,9,6,4,0,4,18,14,14,1,2,1,2,4,4,0,18,19,40,12,14,0,0,0,5,7,10,10,19,8,29,0,0,0,10,0,0,0,0,0,0,0,0,0,0,0,0,0,0,-8,-4,-8,0,0,0,0,0,0,0,0,0,0,0,0,0,0,0,0,0,0,0,0,0,0,0,0,0,0,0,0,0,0,0,0,0,0,0,0,0]} 1. e4 c6 2. d4 d5 3. Nc3 dxe4 4. Nxe4 Bf5 5. Ng3 Bg6 6. Nh3 Nd7 7. Nf4 {B18: Classical Caro-Kann: 4...Bf5 sidelines} (7. Bc4 e6 8. Nf4 Bd6 9. Nxg6 hxg6 10. Ne4 Be7 11. c3 Ngf6 12. Ng5 Nh7 13. Nf3 Ng5 14. Bf4 Nxf3+ 15. Qxf3 Nb6 16. Bb3 Nd5 17. Be5 Bf6 18. Bg3 Bh4 19. Be5 Bf6 20. Bg3 Bh4 21. Be5 Bf6 {½-½ (21) Popov,I (2599)-Dreev,A (2657) Yaroslavl 2019}) 7... e5 8. Nxg6 hxg6 9. dxe5 Nxe5 10. Qxd8+ Rxd8 11. Be2 Bb4+ $146 ({Predecessor:} 11... Nf6 12. Bg5 Be7 13. Bxf6 gxf6 14. f4 Nd7 {0-1 (38) Bocina,D (2155)-Nikolac,J (2460) Pula 1993}) 12. c3 Ba5 13. Bf4 Bc7 14. Rd1 Rxd1+ (14... Nf6 {feels hotter.} 15. O-O Rxd1 16. Rxd1 Nf3+ 17. Bxf3 Bxf4 18. Nf1 Bc7) 15. Kxd1 Rh4 16. Bxe5 (16. Bg5 $5 {[%cal Rg5h4]} Ra4 17. Kc2 $11) 16... Bxe5 17. Bf3 Bxg3 18. Re1+ Ne7 19. hxg3 $11 {[%mdl 4096] Endgame KRB-KRN} Rh2 20. b4 a6 21. a4 f5 22. b5 axb5 {The position is equal.} 23. axb5 Kd7 24. Kc2 g5 25. bxc6+ bxc6 26. g4 g6 27. Re2 Kd6 28. Rd2+ Ke5 29. gxf5 gxf5 30. g3 Ke6 31. Kb3 g4 32. Bd1 Ng6 33. Kc4 Ne5+ 34. Kd4 Kf6 35. Ra2 Rh8 {[#] Threatens to win with ...Rd8+.} 36. Be2 Rd8+ 37. Ke3 c5 38. Ra5 Re8 39. Kd2 Rd8+ 40. Ke3 Re8 41. Kd2 Rc8 42. Ra6+ Kg5 43. Re6 Nd7 44. f4+ gxf3 $1 45. Bxf3 c4 46. Ke3 Nc5 47. Re5 Nd3 (47... Kf6 $5 48. Rd5 $8 Re8+ 49. Kd4 Ne6+ 50. Kxc4 Rc8+ 51. Kb4 Rg8 $11) 48. Rb5 Nc5 49. Kd4 Nb3+ 50. Ke3 Nc5 {Accuracy: White = 63%, Black = 71%.} 1/2-1/2

[Event "19th Prague Open-A 2020"]
[Site "Prague"]
[Date "2020.01.17"]
[Round "9.6"]
[White "Vignesh B"]
[Black "Quesada Vera, Liordis"]
[Result "0-1"]
[WhiteElo "1912"]
[BlackElo "2386"]
[Annotator "ChessBase"]
[PlyCount "82"]
[EventDate "2020.01.10"]
[EventType "swiss"]
[EventCountry "CZE"]
[SourceTitle "playchess.com"]
[Source "ChessBase"]
[SourceQuality "1"]
[TimeControl "40/5400+30:1800+30"]

1. e4 {[%emt 0:00:00]} e5 {[%emt 0:00:00]} 2. Nf3 {[%emt 0:00:00]} Nc6 {[%emt 0:00:00]} 3. Bc4 {[%emt 0:00:00]} Nf6 {[%emt 0:00:00]} 4. d3 {[%emt 0:00:00]} h6 {[%emt 0:01:17]} 5. O-O {[%emt 0:00:21]} d6 {[%emt 0:00:06]} 6. c3 {[%emt 0:00:05]} g5 {[%emt 0:00:08]} 7. Bb3 {[%emt 0:00:23]} Bg7 {[%emt 0:00:12]} 8. Nbd2 {[%emt 0:00:12]} O-O {[%emt 0:01:16]} 9. Nc4 {[%emt 0:00:24]} Ne7 {[%emt 0:11:09]} 10. Re1 {[%emt 0:05:44]} b5 {[%emt 0:18:25]} 11. Ne3 {[%emt 0:00:11]} Rb8 {[%emt 0:00:15]} 12. h4 {[%emt 0:03:36]} g4 {[%emt 0:07:23]} 13. Nh2 {[%emt 0:00:02]} Kh7 {[%emt 0:00:21]} 14. d4 {[%emt 0:10:45]} Qd7 {[%emt 0:14:47]} 15. dxe5 {[%emt 0:18:49]} dxe5 {[%emt 0:00:09]} 16. Qxd7 {[%emt 0:01:47]} Bxd7 {[%emt 0:00:08]} 17. Nf5 {[%emt 0:00:08]} Nc8 {[%emt 0:19:01]} 18. Bd1 {[%emt 0:09:47]} h5 {[%emt 0:03:22]} 19. f3 {[%emt 0:00:19]} gxf3 {[%emt 0:00:39]} 20. Nxf3 {[%emt 0:00:53]} Ng4 {[%emt 0:00:57]} 21. Nh2 {[%emt 0:00:59]} Nxh2 {[%emt 0:06:56]} 22. Kxh2 {[%emt 0:00:02]} Bxf5 {[%emt 0:11:46]} 23. exf5 {[%emt 0:00:02]} Nd6 {[%emt 0:00:22]} 24. Rf1 {[%emt 0:02:16]} Bf6 {[%emt 0:00:09]} 25. Bxh5 {[%emt 0:08:25]} Bxh4 {[%emt 0:01:40]} 26. Rf3 {[%emt 0:00:13]} Rh8 {[%emt 0:00:57]} 27. Rh3 {[%emt 0:00:24]} Nxf5 {[%emt 0:00:28]} 28. g3 {[%emt 0:13:25]} Kg7 {[%emt 0:01:14]} 29. Bg4 {[%emt 0:00:01]} Nxg3 {[%emt 0:00:36]} 30. Rxg3 {[%emt 0:00:01]} Bxg3+ {[%emt 0:00:10]} 31. Kxg3 {[%emt 0:00:02]} Kg6 {[%emt 0:00:13]} 32. Bf3 {[%emt 0:08:37]} f5 {[%emt 0:00:01]} 33. Bd2 {[%emt 0:01:53]} Rbd8 {[%emt 0:00:13]} 34. Rd1 {[%emt 0:01:51]} Rd3 {[%emt 0:01:04]} 35. Be1 {[%emt 0:01:00]} Rxd1 {[%emt 0:01:15]} 36. Bxd1 {[%emt 0:00:02]} Rh1 {[%emt 0:00:08]} 37. Kf2 {[%emt 0:00:01]} e4 {[%emt 0:00:37]} 38. a4 {[%emt 0:01:46]} a6 {[%emt 0:00:35]} 39. axb5 {[%emt 0:01:28]} axb5 {[%emt 0:00:01]} 40. Bb3 {[%emt 0:00:08]} f4 {[%emt 0:00:32]} 41. c4 {[%emt 0:30:06]} Rh2+ {[%emt 0:30:22]} 0-1

[Event "19th Prague Open-A 2020"]
[Site "Prague"]
[Date "2020.01.17"]
[Round "9.7"]
[White "Neuman, Petr"]
[Black "Malovanyi, Yulian"]
[Result "1-0"]
[WhiteElo "2371"]
[BlackElo "2360"]
[Annotator "ChessBase"]
[PlyCount "85"]
[EventDate "2020.01.10"]
[EventType "swiss"]
[EventCountry "CZE"]
[SourceTitle "playchess.com"]
[Source "ChessBase"]
[SourceQuality "1"]
[TimeControl "40/5400+30:1800+30"]

1. e4 {[%emt 0:06:41]} c5 {[%emt 0:00:00]} 2. Nc3 {[%emt 0:00:19]} g6 {[%emt 0:02:08]} 3. d4 {[%emt 0:00:08]} cxd4 {[%emt 0:00:54]} 4. Qxd4 {[%emt 0:00:08]} Nf6 {[%emt 0:00:23]} 5. Nf3 {[%emt 0:02:57]} Nc6 {[%emt 0:00:16]} 6. Qa4 {[%emt 0:00:09]} d6 {[%emt 0:05:46]} 7. e5 {[%emt 0:01:36]} dxe5 {[%emt 0:01:01]} 8. Nxe5 {[%emt 0:00:06]} Bg7 {[%emt 0:02:11]} 9. Bb5 {[%emt 0:03:24]} O-O {[%emt 0:02:06]} 10. Nxc6 {[%emt 0:00:21]} bxc6 {[%emt 0:00:08]} 11. Bxc6 {[%emt 0:00:04]} Bd7 {[%emt 0:10:23]} 12. O-O {[%emt 0:05:50]} Bxc6 {[%emt 0:10:20]} 13. Qxc6 {[%emt 0:02:00]} Rc8 {[%emt 0:00:41]} 14. Qa6 {[%emt 0:01:26]} Qc7 {[%emt 0:03:50]} 15. h3 {[%emt 0:01:40]} Rfd8 {[%emt 0:02:10]} 16. Be3 {[%emt 0:00:52]} Nd5 {[%emt 0:01:32]} 17. Nxd5 {[%emt 0:06:10]} Rxd5 {[%emt 0:00:03]} 18. c3 {[%emt 0:03:34]} Ra5 {[%emt 0:00:14]} 19. Qe2 {[%emt 0:00:37]} Rb8 {[%emt 0:00:09]} 20. Rfd1 {[%emt 0:03:25]} h5 {[%emt 0:02:48]} 21. Rd2 {[%emt 0:06:50]} Rab5 {[%emt 0:04:25]} 22. Rad1 {[%emt 0:08:02]} Qb7 {[%emt 0:01:12]} 23. Rd7 {[%emt 0:07:40]} Qe4 {[%emt 0:01:15]} 24. b3 {[%emt 0:04:11]} a5 {[%emt 0:04:08]} 25. c4 {[%emt 0:04:17]} Rb4 {[%emt 0:00:40]} 26. Qd3 {[%emt 0:02:27]} Qxd3 {[%emt 0:00:38]} 27. R1xd3 {[%emt 0:00:06]} a4 {[%emt 0:00:47]} 28. Rd8+ {[%emt 0:03:56]} Rxd8 {[%emt 0:00:09]} 29. Rxd8+ {[%emt 0:00:09]} Kh7 {[%emt 0:00:04]} 30. Rd3 {[%emt 0:02:26]} e5 {[%emt 0:00:18]} 31. Bc5 {[%emt 0:02:19]} Rb7 {[%emt 0:00:48]} 32. b4 {[%emt 0:01:14]} e4 {[%emt 0:00:10]} 33. Rd5 {[%emt 0:00:19]} f5 {[%emt 0:01:29]} 34. g3 {[%emt 0:02:29]} h4 {[%emt 0:00:27]} 35. gxh4 {[%emt 0:00:30]} f4 {[%emt 0:00:10]} 36. b5 {[%emt 0:00:31]} Bf6 {[%emt 0:00:53]} 37. Bd4 {[%emt 0:02:17]} Bxh4 {[%emt 0:00:37]} 38. b6 {[%emt 0:00:39]} e3 {[%emt 0:00:45]} 39. fxe3 {[%emt 0:00:28]} f3 {[%emt 0:00:08]} 40. Ra5 {[%emt 0:03:09]} f2+ {[%emt 0:00:27]} 41. Kf1 {[%emt 0:30:08]} Kh6 {[%emt 0:30:23]} 42. Ra7 {[%emt 0:00:45]} Rb8 {[%emt 0:00:05]} 43. Rf7 {[%emt 0:00:24]} 1-0

[Event "19th Prague Open-A 2020"]
[Site "Prague"]
[Date "2020.01.17"]
[Round "9.8"]
[White "Ludvik, Tomas"]
[Black "Peng, Hongchi"]
[Result "0-1"]
[WhiteElo "2272"]
[BlackElo "2362"]
[Annotator "TA"]
[PlyCount "122"]
[EventDate "2020.01.10"]
[EventType "swiss"]
[EventCountry "CZE"]
[SourceTitle "playchess.com"]
[Source "ChessBase"]
[SourceQuality "1"]

{[%evp 9,130,12,7,0,16,16,17,12,12,14,39,33,51,44,45,48,62,10,33,24,30,35,97,89,147,105,158,102,98,88,98,95,87,92,105,29,37,10,14,0,18,21,21,24,21,2,49,0,8,0,0,0,12,11,15,16,37,2,4,4,22,0,56,0,2,-17,19,26,19,8,20,-54,-47,-51,-54,-57,0,0,0,-91,-85,-84,-52,-92,-56,-52,-32,-122,-116,-126,-149,-221,-213,-457,-474,-508,-518,-526,-512,-708,-730,-695,-670,-705,-662,-1476,-1275,-3095,-1695,-2666,-2231,-3406,-2250,-29965,-29965,-29985,-29986,-29983,-29984,-29990,-29991,-29991,-29987]} 1. d4 f5 2. Bg5 Nf6 3. e3 b6 4. Nd2 e6 5. Ngf3 Bb7 6. Bd3 {A80: Dutch Defence: Unusual White second moves} Be7 7. Bxf6 Bxf6 8. e4 {The position is equal.} g6 (8... fxe4 9. Bxe4 d5 10. Bd3 O-O 11. O-O Nc6 12. c3 Qd6 13. Re1 {0-1 (36) Andreikin,D (2705)-Kamsky,G (2676) Sochi 2017}) 9. Qe2 Qe7 10. c3 fxe4 $146 ({Predecessor:} 10... Nc6 11. Ba6 Bxa6 12. Qxa6 O-O 13. O-O {½-½ (65) Nikolaidis,I (2531)-Grivas,E (2489) Glyfada 2001}) 11. Nxe4 Bg7 12. h4 Nc6 13. a4 (13. h5 $14) 13... a5 14. h5 O-O-O 15. h6 Bf6 (15... Bf8 $1 $14) 16. Ba6 $16 ({But not} 16. Nxf6 $6 Qxf6 17. Ba6 Rhf8 $11) 16... Nb8 (16... Rhf8 $142) 17. Bxb7+ Kxb7 {[#]} 18. O-O (18. b4 $142 $1) 18... Nc6 19. Rfb1 Ra8 20. Qb5 Na7 21. Qd3 d5 22. Ned2 ({White should play} 22. b4 $16 Nc6 23. b5) 22... Nc6 $11 23. Re1 Qd6 24. Nb3 e5 25. dxe5 Nxe5 26. Nxe5 Bxe5 27. Rad1 Rhd8 28. Qf3 Qf6 (28... c6 {is more complex.} 29. c4 Rf8 30. Qg4 Rae8 31. g3 d4) 29. Qxf6 (29. Nd2 {is interesting.} Rd7 30. g3 Rad8 31. Kg2 Re7 32. Qxf6 Bxf6 33. Rxe7 Bxe7 34. Nf3) 29... Bxf6 30. f4 Rd6 31. Nd4 Rf8 32. g3 Rf7 33. Nb5 Rdd7 34. Re6 Be7 35. Kg2 g5 (35... Bf8 $11) 36. Rf1 ({White should try} 36. Nd4 $14) 36... gxf4 37. gxf4 c6 38. Nd4 c5 39. Nb5 d4 40. cxd4 (40. Kf3 $11) 40... cxd4 $15 41. Kf3 d3 42. Rd1 Rf8 (42... d2 $15) 43. Ke4 $11 d2 {[#]} 44. f5 (44. Rxd2 $1 $11 {[%mdl 512]} Rxd2 45. Rxe7+ {[%mdl 64] Double Attack} Kb8 46. Rxh7) 44... Bb4 $17 45. f6 Rfd8 46. Re5 Bf8 47. Nc3 Kc6 48. Re6+ (48. Kf3 $15) 48... Kc5 49. Kf5 Bxh6 50. Re7 (50. Kg4 $17) 50... Kc4 $19 51. Rxd7 $2 (51. Ke6 {might work better.} Rd6+ 52. Kf5) 51... Rxd7 {[%mdl 4096] Endgame KRB-KRN} 52. Ke6 Rd3 53. Rh1 Bf8 54. Kf7 Bb4 55. Nd1 Rf3 56. Kg7 Kd3 57. f7 Ke2 58. Kg8 {[#]} h5 $1 {[%mdl 512]} 59. Kg7 {[#]} (59. Rxh5 Kxd1) 59... h4 $1 {[%mdl 512]} 60. Kg8 (60. Rxh4 Kxd1) 60... h3 61. b3 Bd6 {Played: Rf3-f1} 0-1

[Event "19th Prague Open-A 2020"]
[Site "Prague"]
[Date "2020.01.17"]
[Round "9.9"]
[White "Priehoda, Vitezslav"]
[Black "Czerw, Dawid"]
[Result "1/2-1/2"]
[WhiteElo "2341"]
[BlackElo "2262"]
[Annotator "ChessBase"]
[PlyCount "42"]
[EventDate "2020.01.10"]
[EventType "swiss"]
[EventCountry "CZE"]
[SourceTitle "playchess.com"]
[Source "ChessBase"]
[SourceQuality "1"]
[TimeControl "40/5400+30:1800+30"]

1. d4 {[%emt 0:00:00]} Nf6 {[%emt 0:00:00]} 2. c4 {[%emt 0:00:00]} e6 {[%emt 0:00:00]} 3. Nc3 {[%emt 0:00:00]} Bb4 {[%emt 0:00:00]} 4. e3 {[%emt 0:00:00]} O-O {[%emt 0:00:10]} 5. Bd3 {[%emt 0:01:51]} d5 {[%emt 0:01:40]} 6. Nf3 {[%emt 0:01:28]} c5 {[%emt 0:00:54]} 7. O-O {[%emt 0:00:24]} cxd4 {[%emt 0:01:53]} 8. exd4 {[%emt 0:00:12]} dxc4 {[%emt 0:01:51]} 9. Bxc4 {[%emt 0:00:06]} Nc6 {[%emt 0:06:23]} 10. a3 {[%emt 0:10:58]} Be7 {[%emt 0:01:09]} 11. Be3 {[%emt 0:00:16]} b6 {[%emt 0:05:06]} 12. Rc1 {[%emt 0:09:06]} Bb7 {[%emt 0:02:10]} 13. Ba2 {[%emt 0:01:14]} Rc8 {[%emt 0:03:35]} 14. Qe2 {[%emt 0:04:26]} Qd6 {[%emt 0:11:56]} 15. Rfd1 {[%emt 0:03:27]} Qb8 {[%emt 0:03:56]} 16. Bg5 {[%emt 0:14:53]} Rfe8 {[%emt 0:09:23]} 17. Ne5 {[%emt 0:34:24]} Nxe5 {[%emt 0:07:38]} 18. dxe5 {[%emt 0:00:04]} Nd5 {[%emt 0:00:48]} 19. Bxd5 {[%emt 0:02:18]} Bxg5 {[%emt 0:03:55]} 20. Bxb7 {[%emt 0:00:07]} Qxb7 {[%emt 0:01:54]} 21. Rb1 {[%emt 0:00:05]} Be7 {[%emt 0:04:48]} 1/2-1/2

[Event "19th Prague Open-A 2020"]
[Site "Prague"]
[Date "2020.01.17"]
[Round "9.10"]
[White "Sharma Isha"]
[Black "Domogaev, Sergey"]
[Result "1/2-1/2"]
[WhiteElo "2169"]
[BlackElo "2334"]
[Annotator "ChessBase"]
[PlyCount "41"]
[EventDate "2020.01.10"]
[EventType "swiss"]
[EventCountry "CZE"]
[SourceTitle "playchess.com"]
[Source "ChessBase"]
[SourceQuality "1"]
[TimeControl "40/5400+30:1800+30"]

1. e4 {[%emt 0:01:15]} e5 {[%emt 0:00:00]} 2. Nf3 {[%emt 0:00:17]} Nc6 {[%emt 0:00:00]} 3. Bc4 {[%emt 0:00:09]} Bc5 {[%emt 0:00:00]} 4. c3 {[%emt 0:00:09]} Nf6 {[%emt 0:00:00]} 5. d3 {[%emt 0:00:03]} d6 {[%emt 0:00:00]} 6. Nbd2 {[%emt 0:00:06]} a6 {[%emt 0:00:08]} 7. Bb3 {[%emt 0:00:04]} O-O {[%emt 0:01:24]} 8. Nf1 {[%emt 0:01:03]} d5 {[%emt 0:04:44]} 9. Qe2 {[%emt 0:02:43]} Ng4 {[%emt 0:11:01]} 10. exd5 {[%emt 0:06:08]} Na5 {[%emt 0:00:39]} 11. Ne3 {[%emt 0:05:42]} Nxb3 {[%emt 0:00:29]} 12. axb3 {[%emt 0:00:08]} Nxe3 {[%emt 0:00:09]} 13. Bxe3 {[%emt 0:00:06]} Bxe3 {[%emt 0:00:22]} 14. Qxe3 {[%emt 0:01:34]} Qxd5 {[%emt 0:00:09]} 15. O-O {[%emt 0:00:11]} Re8 {[%emt 0:10:01]} 16. b4 {[%emt 0:01:02]} b6 {[%emt 0:17:33]} 17. d4 {[%emt 0:02:00]} e4 {[%emt 0:01:03]} 18. Rfe1 {[%emt 0:00:10]} Bb7 {[%emt 0:00:42]} 19. Nd2 {[%emt 0:00:19]} f5 {[%emt 0:01:34]} 20. f3 {[%emt 0:07:24]} Rad8 {[%emt 0:05:44]} 21. fxe4 {[%emt 0:03:32]} 1/2-1/2

[Event "19th Prague Open-A 2020"]
[Site "Prague"]
[Date "2020.01.17"]
[Round "9.11"]
[White "Otruba, Marek"]
[Black "Chyzy, Jakub"]
[Result "0-1"]
[WhiteElo "2091"]
[BlackElo "2291"]
[Annotator "ChessBase"]
[PlyCount "66"]
[EventDate "2020.01.10"]
[EventType "swiss"]
[EventCountry "CZE"]
[SourceTitle "playchess.com"]
[Source "ChessBase"]
[SourceQuality "1"]
[TimeControl "40/5400+30:1800+30"]

1. d4 {[%emt 0:00:00]} Nf6 {[%emt 0:00:00]} 2. c4 {[%emt 0:00:00]} d6 {[%emt 0:00:00]} 3. Nc3 {[%emt 0:00:00]} Nbd7 {[%emt 0:00:00]} 4. e4 {[%emt 0:00:25]} e5 {[%emt 0:00:00]} 5. Nf3 {[%emt 0:00:47]} g6 {[%emt 0:00:13]} 6. Be2 {[%emt 0:00:22]} Bg7 {[%emt 0:00:08]} 7. Bg5 {[%emt 0:03:41]} h6 {[%emt 0:03:30]} 8. Be3 {[%emt 0:00:23]} O-O {[%emt 0:01:01]} 9. d5 {[%emt 0:02:47]} Ng4 {[%emt 0:06:49]} 10. Bd2 {[%emt 0:00:24]} f5 {[%emt 0:01:34]} 11. exf5 {[%emt 0:01:03]} gxf5 {[%emt 0:00:25]} 12. h3 {[%emt 0:00:43]} Ngf6 {[%emt 0:07:41]} 13. Qc1 {[%emt 0:00:34]} f4 {[%emt 0:11:32]} 14. g3 {[%emt 0:02:40]} Nh5 {[%emt 0:11:13]} 15. g4 {[%emt 0:10:37]} Nhf6 {[%emt 0:02:13]} 16. g5 {[%emt 0:00:46]} Nh7 {[%emt 0:03:00]} 17. gxh6 {[%emt 0:03:55]} Bxh6 {[%emt 0:00:16]} 18. Bd3 {[%emt 0:10:50]} Nc5 {[%emt 0:01:47]} 19. Bc2 {[%emt 0:05:37]} e4 {[%emt 0:06:40]} 20. Qb1 {[%emt 0:03:15]} Qe7 {[%emt 0:06:17]} 21. Nd4 {[%emt 0:05:47]} e3 {[%emt 0:05:20]} 22. Rg1+ {[%emt 0:10:20]} Kh8 {[%emt 0:01:07]} 23. Rg6 {[%emt 0:00:32]} exd2+ {[%emt 0:01:59]} 24. Kxd2 {[%emt 0:00:16]} f3+ {[%emt 0:02:27]} 25. Kd1 {[%emt 0:00:50]} Bg7 {[%emt 0:07:18]} 26. Ne6 {[%emt 0:01:43]} Nxe6 {[%emt 0:02:23]} 27. dxe6 {[%emt 0:00:09]} Bxe6 {[%emt 0:01:09]} 28. Rxe6 {[%emt 0:01:27]} Qxe6 {[%emt 0:00:07]} 29. Bxh7 {[%emt 0:00:05]} Bxc3 {[%emt 0:00:44]} 30. bxc3 {[%emt 0:00:09]} Qe2+ {[%emt 0:02:17]} 31. Kc1 {[%emt 0:00:05]} Qxf2 {[%emt 0:00:35]} 32. Qg6 {[%emt 0:00:29]} Rae8 {[%emt 0:00:57]} 33. Qh6 {[%emt 0:00:23]} Re1# {[%emt 0:00:07]} 0-1

[Event "19th Prague Open-A 2020"]
[Site "Prague"]
[Date "2020.01.17"]
[Round "9.12"]
[White "Sindler, Michal"]
[Black "Svanda, Ondrej"]
[Result "1/2-1/2"]
[WhiteElo "2119"]
[BlackElo "2257"]
[Annotator "TA"]
[PlyCount "83"]
[EventDate "2020.01.10"]
[EventType "swiss"]
[EventCountry "CZE"]
[SourceTitle "playchess.com"]
[Source "ChessBase"]
[SourceQuality "1"]

{[%evp 17,83,8,22,14,14,0,8,0,18,11,14,21,20,23,27,22,15,-60,-47,-41,-11,-66,-50,-62,-57,-117,-113,-133,-128,-200,-190,-181,-104,-111,-63,-70,-70,-71,-65,-78,-48,-48,-48,-48,-57,-57,-59,-70,-70,-70,-70,-70,-70,-70,-71,-72,-56,-77,-15,-10,-10,-12,0,0,0,0,0,0]} 1. e4 c5 2. Nf3 e6 3. d3 Nc6 4. g3 Nf6 5. Bg2 Be7 6. O-O O-O 7. Re1 d6 8. c3 Bd7 9. Nbd2 Qc7 10. a3 {B30: Sicilian: 2...Nc6 3 Bb5, lines without ...g6} (10. Nf1 Ne5 11. Nh4 Ng6 12. Nxg6 hxg6 13. d4 cxd4 14. cxd4 e5 15. Ne3 Rac8 16. a4 Qb6 17. d5 Qd4 {0-1 (44) Ter Sahakyan,S (2601)-Vitiugov,N (2725) Baku 2015}) 10... Ne5 11. Nxe5 dxe5 12. a4 Bc6 13. Nc4 Nd7 14. f4 exf4 15. Bxf4 e5 16. Bd2 Rfd8 $146 ({Predecessor:} 16... Rad8 17. Ne3 Nf6 18. Qe2 g6 19. c4 Nh5 20. Nd5 {½-½ (20) Zuckerman,B-Burger,K New York 1969}) 17. Qf3 (17. Ne3 $11) 17... Nb6 $1 $15 {[%cal Rb6c4] [#] Threatens to win with ...Nxc4.} 18. Ne3 Bxa4 19. Nd5 (19. c4 $11) 19... Nxd5 20. exd5 Bd7 21. d6 (21. Qe2 $15) 21... Qxd6 $17 22. Qxb7 Rab8 23. Qe4 (23. Qd5 $17) 23... Rxb2 $19 24. Bc1 Rb6 ({Don't do} 24... Rxg2+ 25. Qxg2 Qxd3 26. Rxa7 $15) (24... Rc2 $19 25. Bf3 Be6) 25. d4 Bc6 26. Qxe5 Qxe5 27. Rxe5 Bd6 28. Re2 Bxg2 29. Kxg2 cxd4 30. cxd4 Ra8 31. Rea2 a6 32. Ba3 g6 33. Bc5 Rc6 34. Bxd6 Rxd6 $15 {[%mdl 4096] Endgame KRR-KRR} 35. Kf3 Kg7 36. Ke4 f5+ 37. Kd3 g5 ({Black should play} 37... Rad8 $17 38. Ra4 R8d7) 38. Ra5 $11 {The position is equal.} Kg6 39. d5 Kh5 40. Kd4 Rad8 41. R1a2 h6 42. Ke5 {Accuracy: White = 46%, Black = 55%.} 1/2-1/2